000 00872cab a2200265 4500
001 ABS55407
008 090401t1996 xxu||||| |||| 00| 0 eng d
035 _a(Sirsi) u16227
041 _aeng
100 _aBurrows, D
245 _aConveyancing: breach of trust cases
260 _c1996
350 _a0
490 _aLaw Society`s Gazette
_v93(21) 5 June 1996, 28-29(2)
520 _aExamines the judgment in "Bristol and West Building Society v May, May and Merrimans" and considers the implications for solicitors. Case law.
650 _aBREACH OF TRUST
650 _aBRISTOL AND WEST BUILDING SOCIETY V MAY MAY AND MERRIMANS
650 _aCONVEYANCERS
650 _aDUTY OF CARE
650 _aSOLICITORS
690 _aMANAGEMENT-BUSINESS MANAGEMENT-PROFESSIONAL PRACTICE
690 _aPROPERTY LAW AND PRACTICE
942 _n0
948 _c04/03/1997
999 _c10664
_d10664